| 000 | 00807nam a2200229Ia 4500 | ||
|---|---|---|---|
| 005 | 20260430150737.0 | ||
| 008 | 008 250103s9999 xx 000 0 hin d | ||
| 037 | _aTheses | ||
| 040 | _aCRL | ||
| 040 | _bhin | ||
| 040 | _chin | ||
| 041 | _2hin | ||
| 041 | _ahin | ||
| 084 | _qCRL | ||
| 100 |
_aज्योति रानी, ले. _9865267 |
||
| 245 | 0 | _aमध्यकालीन भक्ति साहित्य में धर्म और समाज की परिकल्पना: तुलसीदास क हवाले से | |
| 260 | _c2022 | ||
| 300 | _a275पृ0 | ||
| 700 |
_aदिल्ली विश्वविद्यालय. कला संकाय. इतिहास विभाग _91238331 |
||
| 942 | _cTH | ||
| 999 |
_c1850561 _d1850561 |
||